00536nam a2200169Ia 450000500170000000800410001702000150005808200130007310000160008624500580010226000390016030000130019950000350021294200060024795200980025399900150035120250612013150.0240331s9999 xx 000 0 und d a9559567519 bHATa322 aHaththaka,M 0aAl nakka-maha nespaththiya :bPalasteena Isral getuma aNugegodabSarasavi book shopc2004 a499 p ., aA book of Palastine- isral war cL 001040708LaWERCLbWERCLcSSCd2024-03-31l0o 322.42 HATp6040r2024-03-31w2024-03-31yL c5056d5056